MARC

LEADER 00000nam0a2200000 4500
001 371824
005 20231102012422.0
035 |a (RuTPU)RU\TPU\retro\29234 
090 |a 371824 
100 |a 20221116d1978 m y0rusy50 ca 
101 0 |a rus 
102 |a RU 
105 |a a z 000zy 
200 1 |a В звездных лабиринтах. Ориентирование по небу  |f Б. А. Максимачев, В. Н. Комаров 
210 |a Москва  |c Наука  |d 1978 
215 |a 200 с.  |c ил.  |e 5 л. схем звездного неба 
606 1 |a Звезды  |2 stltpush  |3 (RuTPU)RU\TPU\subj\11456  |9 38388 
610 1 |a звездное небо 
610 1 |a звездные маяки 
610 1 |a звездные лабиринты 
610 1 |a космические орбиты 
610 1 |a горы 
610 1 |a кратеры 
610 1 |a Луна 
675 |a 524.3  |v 4 
700 1 |a Максимачев  |b Б. А.  |g Борис Алексеевич 
701 1 |a Комаров  |b В. Н.  |g Виктор Ноевич 
801 1 |a RU  |b 63413507  |c 20221116 
942 |c BK